Electric machinery fundamentals (Record no. 1110)

000 -LEADER
fixed length control field 00674nam a22002294a 4500
001 - CONTROL NUMBER
control field 1110
003 - CONTROL NUMBER IDENTIFIER
control field BD-DhUET
008 - FIXED-LENGTH DATA ELEMENTS--GENERAL INFORMATION
fixed length control field 030923s2005 nyua b 001 0 eng
020 ## - INTERNATIONAL STANDARD BOOK NUMBER
International Standard Book Number 0071151559
040 ## - CATALOGING SOURCE
Original cataloging agency DLC
Transcribing agency DLC
Modifying agency BD-DhUET
082 00 - DEWEY DECIMAL CLASSIFICATION NUMBER
Classification number 623
Item number CHA/2005
100 1# - MAIN ENTRY--PERSONAL NAME
Personal name Chapman, Stephen J.
245 10 - TITLE STATEMENT
Title Electric machinery fundamentals
250 ## - EDITION STATEMENT
Edition statement 4th ed.
260 ## - PUBLICATION, DISTRIBUTION, ETC. (IMPRINT)
Place of publication, distribution, etc. Boston
Name of publisher, distributor, etc. McGraw-Hill
Date of publication, distribution, etc. 2005
300 ## - PHYSICAL DESCRIPTION
Extent xxii, 746p.
Other physical details ill.
Dimensions 24 cm.
500 ## - GENERAL NOTE
General note Includes bibliographies
650 #0 - SUBJECT ADDED ENTRY--TOPICAL TERM
Topical term or geographic name as entry element Electric engineering
856 41 - ELECTRONIC LOCATION AND ACCESS
Uniform Resource Identifier http://www.loc.gov/catdir/toc/mh041/2003065174.html
856 42 - ELECTRONIC LOCATION AND ACCESS
Uniform Resource Identifier http://www.loc.gov/catdir/description/mh041/2003065174.html
942 ## - ADDED ENTRY ELEMENTS (KOHA)
Koha item type General Book
Holdings
Price effective from Koha date last seen Koha date last borrowed Copy number Withdrawn status Lost status Koha full call number Koha item type Not for loan Koha issues (times borrowed) Koha out on loan Shelving location Koha normalized classification for sorting Piece designation (barcode) Koha renewals Damaged status Sublocation or collection (holding branch) Date acquired Location (home branch) Source of classification or shelving scheme
2014-08-302025-04-162024-12-181  623/CHA/2005General Book 15 Circulation section623_000000000000000_CHA_2005103333  Central Library, BUET2014-08-30Central Library, BUET 
2014-08-302026-04-152026-03-302  623/CHA/2005General Book 23 Circulation section623_000000000000000_CHA_2005103335  Central Library, BUET2014-08-30Central Library, BUET 
2014-08-302016-02-272016-02-273  623/CHA/2005General Book 22017-02-26Circulation section623_000000000000000_CHA_2005103336  Central Library, BUET2014-08-30Central Library, BUET 
2014-08-302022-11-222022-11-224  623/CHA/2005General Book 112022-12-06Circulation section623_000000000000000_CHA_20051033371 Central Library, BUET2014-08-30Central Library, BUET 
2015-01-262025-12-012025-12-015  623/CHA/2005General Book 172025-12-15Circulation section623_000000000000000_CHA_2005103339  Central Library, BUET2015-01-26Central Library, BUET 
2015-12-302026-02-032026-01-076  623/CHA/2005General Book 25 Circulation section623_000000000000000_CHA_2005103340  Central Library, BUET2015-12-30Central Library, BUET